000 00688nam a2200277Ia 4500
005 20260324142530.0
008 008 260324s9999 xx 000 0 eng d
020 _a9781315044774
037 _aEBOOK
040 _aCRL
040 _beng
040 _cCRL
041 _2eng
041 _aeng
084 _qCRL
100 _aElaine E. Tarone; Andrew D. Cohen; Susan M. Gass
_91212289
245 0 _aResearch Methodology in Second-Language Acquisition
260 _bTaylor and Francis
260 _c1994
365 _a
365 _b145
856 _uhttp://www.taylorfrancis.com/books/9781315044774
942 _cEBOOK
999 _c1816597
_d1816597